Normal view
MARC view
- Alex K Sani
Entry Personal Name
001 - CONTROL NUMBER
- control field: 6222
003 - CONTROL NUMBER IDENTIFIER
- control field: OSt
005 - DATE AND TIME OF LATEST TRANSACTION
- control field: 20240628151309.0
008 - FIXED-LENGTH DATA ELEMENTS
- fixed length control field: 240628|| aca||aabn | a|a d
040 ## - CATALOGING SOURCE
- Original cataloging agency: OSt
- Transcribing agency: OSt
100 ## - HEADING--PERSONAL NAME
- Personal name: Alex K Sani
670 ## - SOURCE DATA FOUND
- Source citation: Work cat.: (OSt)18093: Ameera C 6220, Instant controlled pressure drop assisted extraction of essential oil from cinnamon leaves /, 2024.
